| 000 | 01754 a2200241 4500 | ||
|---|---|---|---|
| 001 | 47004 | ||
| 005 | 20260407155739.0 | ||
| 008 | 260407a1985 arg spa d | ||
| 003 | AR-UNSa-BCEJYS | ||
| 040 |
_aAR-UNSa-BCEJYS _bspa _cAR-UNSa-BCEJYS |
||
| 080 |
_a330 _xEconomía en general |
||
| 245 | 1 | 0 | _aLa metodología de la economía o cómo explican los economistas |
| 020 | _a978-84-206-2424-2 | ||
| 264 | 1 |
_aMadrid : _bAlianza Editorial _c1985 |
|
| 300 |
_a326 p. _c20 cm. |
||
| 505 | _aParte I: Lo que usted siempre quiso saber, y nunca se atrevió a preguntar, sobre la filosofía de la ciencia: 1. De las ideas recibidas a las de Popper - 2. De Popper a la nueva heterodoxia -- Parte II: Historia de la metodología económica: 3. Los verificacionistas: una historia del siglo XX en gran parte - 4. Los falsacionistas: una historia totalmente del siglo XX - 5. La distinción entre economía positiva y economía normativa -- Parte III: Evaluación metodológica del programa de investigación neo-clásico: 6. La teoría del comportamiento del consumidor - 7. La teoría de la empresa - 8. La teoría del equilibrio general - 9. La teoría de la productividad marginal - 10. El retorno de las técnicas y todo eso - 11. La teoría Heckscher-Ohlin del comercio internacional - 12. Keynesianos <versus> monetaristas - 13. La teoría del capital humano - 14. La nueva economía de la familia -- Parte IV: ¿Qué es lo que hemos aprendido hasta aquí sobre la economía? - 15. Conclusiones. | ||
| 041 | _aspa | ||
| 942 | _cBK | ||
| 590 | _aniveau_biblio:m niveau_hierar:0 | ||
| 100 | 1 | _aBlaug, Mark | |
| 700 | 1 | _aMartínez Pujana, Ana | |
| 856 | 4 | 1 |
_uhttps://www.biblioeco.unsa.edu.ar/pmb/images/libros/L127370.jpg _yImagen de portada _qimage/jpeg |
| 999 |
_c4269 _d4269 |
||